[Event "Giraldilla de La Habana op"]
[Site "Havana"]
[Date "2018.07.29"]
[Round "3"]
[White "Perez Ibanez, Rene"]
[Black "Hernandez Meilan, Manuel"]
[Result "1-0"]
[WhiteElo "2032"]
[BlackElo "1825"]
[PlyCount "51"]
[EventDate "2018.07.28"]
[EventType "swiss"]
[EventRounds "9"]
[EventCountry "CUB"]
[SourceTitle "EXT 2021"]
[Source "ChessBase"]
[SourceDate "2020.10.23"]
[SourceVersion "1"]
[SourceVersionDate "2020.10.23"]
[SourceQuality "1"]

1. d4 Nf6 2. Nf3 b6 3. Bg5 e6 4. e4 Be7 5. Bd3 Bb7 6. Nbd2 d6 7. Qe2 Nbd7 8. 0-0 0-0 9. Rfe1 c5 10. c3 Rc8 11. Rad1 Re8 12. e5 Nd5 13. Ne4 f6 14. exd6 fxg5 15. dxe7 Qxe7 16. Nexg5 Nf8 17. Bb5 Bc6 18. Bxc6 Rxc6 19. Ne5 Rc7 20. Qg4 Qf6 21. Ne4 Qf5 22. Qxf5 exf5 23. Nd6 Re6 24. Nxf5 cxd4 25. Nxd4 Rf6 26. Nb5 1-0

[Event "Giraldilla de La Habana op"]
[Site "Havana"]
[Date "2018.07.28"]
[Round "2"]
[White "Garcia Piloto, Barbaro Manuel"]
[Black "Perez Ibanez, Rene"]
[Result "0-1"]
[WhiteElo "1748"]
[BlackElo "2032"]
[PlyCount "50"]
[EventDate "2018.07.28"]
[EventType "swiss"]
[EventRounds "9"]
[EventCountry "CUB"]
[SourceTitle "EXT 2021"]
[Source "ChessBase"]
[SourceDate "2020.10.23"]
[SourceVersion "1"]
[SourceVersionDate "2020.10.23"]
[SourceQuality "1"]

1. e4 c5 2. Nf3 d6 3. d4 cxd4 4. Nxd4 Nf6 5. Nc3 g6 6. f3 Bg7 7. Be3 0-0 8. Qd2 Nc6 9. 0-0-0 d5 10. exd5 Nxd5 11. Nxc6 bxc6 12. Nxd5 cxd5 13. Qxd5 Qc7 14. Qc5 Qb7 15. Qb5 Qxb5 16. Bxb5 Rb8 17. a4 a6 18. Bc4 Rxb2 19. Bb3 Bf5 20. Bd4 Rxb3 21. cxb3 Rc8+ 22. Kb2 Rc2+ 23. Ka3 e5 24. Ba1 Bf8+ 25. b4 Be6 0-1